Analýza hlavních hedgeových strategií

Merger risk arbitrage. Fúzie a akvizície. Kumulatívna výnosnosť stratégie risk arbitrage. Porovnanie výnosnosti stratégie risk arbitrage. Korelácia stratégie risk arbitrage.

Gespeichert in:
Bibliographische Detailangaben
1. Verfasser: Stanovský, Zdeněk
Format: Buchkapitel
Sprache:Tschechisch
Schlagworte:
Tags: Tag hinzufügen
Keine Tags, Fügen Sie das erste Tag hinzu!

MARC

LEADER 00000nla$a2200000$$$4500
001 0052187
005 20231121080751.1
041 0 |a cze 
044 |a SK 
245 1 0 |a Analýza hlavních hedgeových strategií  |c Zdeněk Stanovský 
520 |a Merger risk arbitrage. Fúzie a akvizície. Kumulatívna výnosnosť stratégie risk arbitrage. Porovnanie výnosnosti stratégie risk arbitrage. Korelácia stratégie risk arbitrage. 
610 2 0 |a hedging 
610 2 0 |a fúzie 
610 2 0 |a akvizícia 
610 2 0 |a arbitráž obchodná medzinárodná 
610 2 0 |a riziko obchodné 
610 2 0 |a história 
610 2 0 |a trh finančný 
100 1 |a Stanovský, Zdeněk